| 000 | 00693cam a22002413a 4500 | ||
|---|---|---|---|
| 001 | 22800 | ||
| 003 | PGUSA | ||
| 005 | 20140828083503.0 | ||
| 008 | 070929s2007||||xxu|||||s|||||000 | eng d | ||
| 040 |
_aPGUSA _beng |
||
| 042 | _adc | ||
| 050 | 4 | _aCT | |
| 100 | 1 |
_aPennell, Elizabeth Robins, _d1855-1936 |
|
| 245 | 1 | 0 |
_aMary Wollstonecraft _h[electronic resource] / _cElizabeth Robins Pennell |
| 260 |
_bProject Gutenberg, _c2007 |
||
| 506 | _aPublic domain in the USA. | ||
| 516 | _aElectronic text | ||
| 653 | _aWomen -- Biography | ||
| 653 | _aWollstonecraft, Mary, 1759-1797 | ||
| 830 | 0 |
_aProject Gutenberg _v22800 |
|
| 856 | 4 | 0 | _uhttp://www.gutenberg.org/ebooks/22800 |
| 942 | _cEB | ||
| 999 |
_c252055 _d252055 |
||